| 000 | 00701cab a2200229 4500 | ||
|---|---|---|---|
| 001 | ABS54109 | ||
| 008 | 090401t1995 xxu||||| |||| 00| 0 eng d | ||
| 035 | _a(Sirsi) u8590 | ||
| 041 | _aeng | ||
| 245 | _aParking | ||
| 260 | _c1995 | ||
| 350 | _a0 | ||
| 490 |
_aHighways _v63(8) November 1995, 19-28(9) |
||
| 520 | _aA special report on parking including: the relationship between retail prosperity and car parking, car park design, new ways of charging, car park surfaces and car park management. | ||
| 650 | _aCAR PARKING | ||
| 650 | _aCAR PARKS | ||
| 650 | _aPARKING METERS | ||
| 650 | _aSHOPPING CENTRES | ||
| 690 | _aTRANSPORT AND COMMUNICATIONS | ||
| 942 | _n0 | ||
| 948 | _c04/03/1997 | ||
| 999 |
_c5314 _d5314 |
||